000 01015cad a22002535a 4500
001 E151409
008 101102s2008 xxk f 100 0 eng d
020 _a9781842194348
035 _a(Sirsi) u151409
041 0 _aeng
100 1 _aAwodele, Oluwaseyi A.
111 2 _aConstruction and Building Research Conference
_cDublin Institute of Technology, Dublin
_d4-5 September 2008
245 0 0 _aPrivate Participation in Infrastructure (PPI) development in developing economies
_bthe Nigerian experience
_h[electronic resource]
260 _aLondon
_bRICS
_c2008
520 _aA paper presented at the COBRA Conference 2008 in Dublin.
590 _aKA
650 2 4 _aCONSTRUCTION AND BUILDING RESEARCH CONFERENCE (COBRA)
651 4 _aNigeria
690 _aPROPERTY-INFRASTRUCTURE
700 1 _aOgunsemi, Deji R.
700 1 _aRotimi, James Olabode B.
856 4 0 _uhttps://www.rics.org/site/scripts/download_info.aspx?fileID=3464&categoryID=525
_zView the item free of charge at www.rics.org
942 _n0
999 _c111349
_d111349